01959nam a2200397Ia 4500001001200000003000800012006001900020007001500039008004100054020001800095020001800113020001800131040002100149035002100170043001200191050002400203111006400227245020600291260007900497300003800576490005200614500013000666504005100796533015200847650007000999650005501069650006501124655002901189700003301218700004501251710001701296710005401313830004901367856012601416999001901542ebr10622929CaPaEBRm u cr cn|||||||||120503t20122012caua sb 101 0 eng d z9780817915247 z9780817915254 z9780817915261 aCaPaEBRcCaPaEBR a(OCoLC)821216766 an-us---14aTK1343b.N82 2011eb2 aNuclear Enterprise Conferenced(2011 :cHoover Institution)14aThe nuclear enterpriseh[electronic resource] :bhigh-consequence accidents : how to enhance safety and minimize risks in nuclear weapons and reactors /cedited by George P. Shultz and Sidney D. Drell. aStanford, Calif. :bHoover Institution Press, Stanford University,cc2012. axvii, 370 p. :bill. (some col.).1 aHoover Institution Press publication ;vno. 626 aPapers presented at the Nuclear Enterprise Conference, held October 3-4, 2011 at the Hoover Institution, Stanford University. aIncludes bibliographical references and index. aElectronic reproduction.bPalo Alto, Calif. :cebrary,d2011.nAvailable via World Wide Web.nAccess may be limited to ebrary affiliated libraries. 0aNuclear power plantszUnited StatesxSafety measuresvCongresses. 0aNuclear power plantsxSafety measuresvCongresses. 0aNuclear weaponszUnited StatesxSafety measuresvCongresses. 7aElectronic books.2local1 aShultz, George Pratt,d1920-1 aDrell, Sidney D.q(Sidney David),d1926-2 aebrary, Inc.2 aHoover Institution on War, Revolution, and Peace. 0aHoover Institution Press publication ;v626.40uhttp://site.ebrary.com/lib/rucke/Doc?id=10622929zAn electronic book accessible through the World Wide Web; click to view c160452d160452